[Event "2. Bundesliga Mitte 2012/2013"]
[Site "St. Veit/Glan"]
[Date "2013.03.23"]
[Round "7"]
[Board "2"]
[White "Handler, Lukas"]
[Black "Karner, Christoph"]
[Result "0-1"]
[WhiteElo "2369"]
[BlackElo "2304"]
[PlyCount "144"]
[EventDate "2012.10.19"]
[EventType "team"]
[EventRounds "11"]
[EventCountry "AUT"]
[WhiteTeam "Schachclub MPOE Maria Saal"]
[BlackTeam "ESV Austria Graz"]

1. d4 Nf6 2. c4 g6 3. Nc3 Bg7 4. e4 d6 5. Nf3 O-O 6. Be2 Na6 7. O-O e5 8. Be3
c6 9. Qc2 Ng4 10. Bg5 f6 11. Bc1 Qe7 12. h3 Nh6 13. Be3 Nf7 14. a3 f5 15. dxe5
dxe5 16. exf5 gxf5 17. Rad1 f4 18. Bc1 Nc5 19. b4 Ne6 20. Ne4 Nfg5 21. Nexg5
Nxg5 22. Nxg5 Qxg5 23. Kh2 Bf5 24. Bd3 Bxd3 25. Qxd3 Rad8 26. Qc2 Qg6 27. Qxg6
hxg6 28. f3 Kf7 29. Rfe1 g5 30. Bb2 Ke6 31. Kg1 Bf6 32. Kf1 Rfe8 33. Bd4 b6 34.
Bf2 Kf5 35. b5 cxb5 36. cxb5 Rxd1 37. Rxd1 Rd8 38. Rxd8 Bxd8 39. g4+ Ke6 40.
Ke2 Kd5 41. Kd3 Be7 42. a4 Bd8 43. Be1 Be7 44. Bc3 Bd6 45. a5 Kc5 46. axb6 axb6
47. Ke4 Kxb5 48. Kd5 Bc7 49. Be1 Bd8 50. Bf2 Ka4 51. Kxe5 b5 52. Bd4 b4 53. Kf5
b3 54. Bb2 Kb4 55. h4 gxh4 56. Kxf4 Bc7+ 57. Ke3 h3 58. Kf2 Bf4 59. g5 Bxg5 60.
Kg3 Bd2 61. Kxh3 Bc3 62. Bc1 Kc4 63. f4 Kd3 64. f5 Kc2 65. Ba3 Bb4 66. Bxb4 b2
67. Kg4 b1=Q 68. Be7 Qb3 69. Kg5 Qf7 70. f6 Kd3 71. Kf5 Kd4 72. Kf4 Qg6 0-1

[Event "2. Bundesliga Mitte 2012/2013"]
[Site "St. Veit/Glan"]
[Date "2013.03.23"]
[Round "7"]
[Board "3"]
[White "Kotz, Heinz Peter"]
[Black "Schachinger, Mario"]
[Result "0-1"]
[WhiteElo "2353"]
[BlackElo "2426"]
[PlyCount "118"]
[EventDate "2012.10.19"]
[EventType "team"]
[EventRounds "11"]
[EventCountry "AUT"]
[WhiteTeam "ESV Austria Graz"]
[BlackTeam "Schachclub MPOE Maria Saal"]

1. e4 c6 2. d4 d5 3. exd5 cxd5 4. c3 Nc6 5. Bd3 Qc7 6. Ne2 Bg4 7. Qa4 Bxe2 8.
Bxe2 Nf6 9. O-O e6 10. Na3 Be7 11. Be3 O-O 12. c4 dxc4 13. Nb5 Qd7 14. Qxc4
Rac8 15. Rfd1 Nd5 16. Qb3 a6 17. Na3 Na5 18. Qd3 Bxa3 19. Qxa3 Nc4 20. Qb3
Ncxe3 21. fxe3 Qc7 22. Bf3 Rfd8 23. e4 Nf4 24. Qe3 e5 25. dxe5 Qxe5 26. Qb6 Re8
27. Rac1 h6 28. Rxc8 Rxc8 29. Rd8+ Rxd8 30. Qxd8+ Kh7 31. Qd2 Ne6 32. Qc3 Qxc3
33. bxc3 Kg6 34. e5 Nc5 35. Bd5 Kf5 36. Bxf7 Kxe5 37. Kf2 Ne4+ 38. Ke3 Nxc3 39.
Kd3 Ne4 40. Bh5 b5 41. Bf3 Nc5+ 42. Kc3 a5 43. a3 Na4+ 44. Kd3 Nb2+ 45. Kc3 Nc4
46. a4 Nd6 47. axb5 Nxb5+ 48. Kc4 a4 49. Bd1 a3 50. Kb3 a2 51. Kb2 Nc3 52. Bf3
Kf4 53. Ka1 Ke3 54. Kb2 Kf2 55. Ka1 g5 56. Kb2 Kg1 57. h3 Kf2 58. Ka1 Ne2 59.
Kxa2 Nf4 0-1

[Event "2. Bundesliga Mitte 2012/2013"]
[Site "St. Veit/Glan"]
[Date "2013.03.23"]
[Round "7"]
[Board "4"]
[White "Hartl, Daniel"]
[Black "Aschenbrenner, Robert"]
[Result "1/2-1/2"]
[WhiteElo "2275"]
[BlackElo "2264"]
[PlyCount "110"]
[EventDate "2012.10.19"]
[EventType "team"]
[EventRounds "11"]
[EventCountry "AUT"]
[WhiteTeam "Schachclub MPOE Maria Saal"]
[BlackTeam "ESV Austria Graz"]

1. d4 d5 2. c4 c6 3. Nf3 dxc4 4. e4 b5 5. a4 Nf6 6. Qc2 e6 7. Be2 Na6 8. Nc3
Nb4 9. Qb1 Nd3+ 10. Bxd3 cxd3 11. axb5 cxb5 12. Qxd3 b4 13. Ne2 a5 14. Bg5 Be7
15. Bxf6 Bxf6 16. e5 Be7 17. O-O O-O 18. Rfc1 Bb7 19. Nd2 Bg5 20. Rc5 Ba6 21.
Nc4 Rc8 22. Rxc8 Qxc8 23. b3 Qc7 24. f4 Be7 25. Qd2 Bxc4 26. Rc1 Qa7 27. Rxc4
a4 28. bxa4 Qxa4 29. Nc1 Rb8 30. Qd3 Qa1 31. Kf2 g6 32. Nb3 Qh1 33. Kg3 Qe1+
34. Kf3 Bh4 35. Qe2 Qh1 36. h3 Qh2 37. Ke4 Qg3 38. Qf3 Qe1+ 39. Qe3 Qb1+ 40.
Qd3 Qe1+ 41. Qe3 Qf1 42. Rc2 Qb5 43. Kf3 h5 44. g3 Qd5+ 45. Kf2 Qh1 46. Qf3
Qh2+ 47. Qg2 Bxg3+ 48. Kf3 Qxg2+ 49. Rxg2 Bh4 50. Rb2 Be1 51. Ra2 Rc8 52. Nc5
Bc3 53. Ke4 Rd8 54. Nb3 Kg7 55. Ra7 Kf8 1/2-1/2

[Event "2. Bundesliga Mitte 2012/2013"]
[Site "St. Veit/Glan"]
[Date "2013.03.23"]
[Round "7"]
[Board "5"]
[White "Fahrner, Kurt"]
[Black "Ertl, Johann"]
[Result "1-0"]
[WhiteElo "2378"]
[BlackElo "2287"]
[PlyCount "84"]
[EventDate "2012.10.19"]
[EventType "team"]
[EventRounds "11"]
[EventCountry "AUT"]
[WhiteTeam "ESV Austria Graz"]
[BlackTeam "Schachclub MPOE Maria Saal"]

1. c4 g6 2. Nc3 Bg7 3. g3 Nc6 4. Bg2 d6 5. Nf3 e5 6. O-O Nf6 7. d3 h6 8. Rb1 a5
9. a3 O-O 10. b4 axb4 11. axb4 Re8 12. b5 Nd4 13. Ne1 Rb8 14. e3 Ne6 15. Nc2
Nc5 16. Nb4 Bf5 17. e4 Bd7 18. Be3 Ra8 19. Qc1 Kh7 20. Qb2 Ne6 21. Ra1 Rxa1 22.
Rxa1 h5 23. Ra7 Bh6 24. Ncd5 Bxe3 25. fxe3 Nxd5 26. Nxd5 c6 27. bxc6 Bxc6 28.
d4 Qg5 29. h4 Qxg3 30. Nf6+ Kh6 31. Qf2 Qxf2+ 32. Kxf2 exd4 33. Nxe8 dxe3+ 34.
Kxe3 Bxe8 35. Rxb7 f5 36. exf5 gxf5 37. Rb6 f4+ 38. Kf2 Kg7 39. Rxd6 Nf8 40. c5
Kf7 41. Bc6 Bxc6 42. Rxc6 Ne6 1-0

[Event "2. Bundesliga Mitte 2012/2013"]
[Site "St. Veit/Glan"]
[Date "2013.03.23"]
[Round "7"]
[Board "6"]
[White "Steiner, Josef"]
[Black "Spindelboeck, Gernot"]
[Result "0-1"]
[WhiteElo "2125"]
[BlackElo "2233"]
[PlyCount "120"]
[EventDate "2012.10.19"]
[EventType "team"]
[EventRounds "11"]
[EventCountry "AUT"]
[WhiteTeam "Schachclub MPOE Maria Saal"]
[BlackTeam "ESV Austria Graz"]

1. Nf3 Nf6 2. g3 d5 3. Bg2 c6 4. O-O Bf5 5. d3 h6 6. Nbd2 Nbd7 7. Nh4 Bh7 8. e4
g5 9. Nf5 e6 10. Ne3 d4 11. Ng4 e5 12. Nxf6+ Qxf6 13. f4 gxf4 14. gxf4 Rg8 15.
Nc4 Qg7 16. Qf3 f6 17. f5 O-O-O 18. a4 Be7 19. Bd2 Rh8 20. Kh1 Bg8 21. a5 a6
22. b3 Bf7 23. Bh3 Rdg8 24. Rg1 Qf8 25. Rg6 Bb4 26. Rxg8 Rxg8 27. Qf2 Bxc4 28.
bxc4 Bxd2 29. Qxd2 c5 30. Bg2 Qg7 31. Bf3 Qg5 32. Qxg5 hxg5 33. Bh5 Rf8 34. Kg2
Nb8 35. Ra2 Nc6 36. h3 Kd7 37. Kf2 Ke7 38. Ke2 Rh8 39. Bg4 Kd6 40. Kf2 Rb8 41.
Ke1 Nb4 42. Rb2 b6 43. axb6 a5 44. Kd2 a4 45. Rb1 a3 46. Ra1 a2 47. c3 dxc3+
48. Kxc3 Rxb6 49. Bd1 Rb8 50. Bb3 Ra8 51. Bc2 Rh8 52. Bb3 Rxh3 53. Rd1 Ke7 54.
Kb2 Rxd3 55. Rxd3 Nxd3+ 56. Kxa2 Nc1+ 57. Kb2 Nxb3 58. Kxb3 g4 59. Kc2 g3 60.
Kd3 g2 0-1

[Event "2. Bundesliga Mitte 2012/2013"]
[Site "St. Veit/Glan"]
[Date "2013.03.23"]
[Round "7"]
[Board "1"]
[White "Gergacz, Attila"]
[Black "Pilaj, Herwig"]
[Result "0-1"]
[WhiteElo "2393"]
[BlackElo "2345"]
[PlyCount "77"]
[EventDate "2012.10.19"]
[EventType "team"]
[EventRounds "11"]
[EventCountry "AUT"]
[WhiteTeam "SV Steyregg"]
[BlackTeam "SC Die Klagenfurter"]

1. e4 c5 2. Nf3 Nc6 3. Bb5 g6 4. O-O Bg7 5. Re1 Nf6 6. e5 Nd5 7. d4 cxd4 8. Bg5
h6 9. c4 dxc3 10. Bc1 cxb2 11. Bxb2 Nc7 12. Ba4 O-O 13. Qc2 Ne6 14. Nbd2 b6 15.
Ne4 Bb7 16. h4 Rc8 17. Qd2 Na5 18. Qxd7 Bxe4 19. Rxe4 Nc5 20. Qxd8 Rfxd8 21.
Rb4 Nd3 22. Rb5 a6 23. Rxa5 bxa5 24. Ba3 Nxe5 25. Nxe5 Bxe5 26. Re1 Bd6 27. Bb2
Rc4 28. Bb3 Rxh4 29. g3 Rb4 30. Bc3 a4 31. Bd5 Rb5 32. Bf3 Rc5 33. Re3 Rdc8 34.
Bd4 Rc4 35. Be5 Bxe5 36. Rxe5 e6 37. Ra5 Rb8 38. Be2 Rc2 39. Bxa6 0-1

[Event "2. Bundesliga Mitte 2012/2013"]
[Site "St. Veit/Glan"]
[Date "2013.03.23"]
[Round "7"]
[Board "2"]
[White "Wertjanz, David"]
[Black "Nemeth, Miklos"]
[Result "0-1"]
[WhiteElo "2259"]
[BlackElo "2446"]
[PlyCount "72"]
[EventDate "2012.10.19"]
[EventType "team"]
[EventRounds "11"]
[EventCountry "AUT"]
[WhiteTeam "SC Die Klagenfurter"]
[BlackTeam "SV Steyregg"]

1. e4 e5 2. Nf3 Nc6 3. Bb5 Nd4 4. Nxd4 exd4 5. O-O Bc5 6. d3 c6 7. Bc4 d6 8. a4
Nf6 9. Bg5 h6 10. Bh4 g5 11. Bg3 Ng4 12. c3 a6 13. Nd2 h5 14. Qf3 Rh7 15. h3
Ba7 16. e5 d5 17. hxg4 hxg4 18. Qe2 Ke7 19. Nb3 dxc3 20. d4 cxb2 21. Qxb2 dxc4
22. Nc5 Qd5 23. Rad1 Bd7 24. Qa3 Rah8 25. f3 Rh1+ 26. Kf2 Rxf1+ 27. Kxf1 Rh1+
28. Ke2 Rxd1 29. Ne4+ Kd8 30. Qf8+ Be8 31. Nd6 gxf3+ 32. Kxd1 Qxd4+ 33. Kc1
Qc3+ 34. Kd1 Qd3+ 35. Kc1 Be3+ 36. Kb2 Qb3+ 0-1

[Event "2. Bundesliga Mitte 2012/2013"]
[Site "St. Veit/Glan"]
[Date "2013.03.23"]
[Round "7"]
[Board "3"]
[White "Pataki, Gyoezoe"]
[Black "Genser, Harald"]
[Result "0-1"]
[WhiteElo "2367"]
[BlackElo "2290"]
[PlyCount "92"]
[EventDate "2012.10.19"]
[EventType "team"]
[EventRounds "11"]
[EventCountry "AUT"]
[WhiteTeam "SV Steyregg"]
[BlackTeam "SC Die Klagenfurter"]

1. d4 d5 2. c4 e6 3. Nc3 Be7 4. cxd5 exd5 5. Nf3 c6 6. h3 Bf5 7. g4 Be6 8. Bg2
Nd7 9. Bf4 g5 10. Be5 Nxe5 11. Nxe5 Nf6 12. e3 h5 13. Qe2 hxg4 14. hxg4 Rxh1+
15. Bxh1 Bd6 16. O-O-O Bxe5 17. dxe5 Nxg4 18. Rg1 Nxe5 19. f4 Ng6 20. Rxg5 Qf6
21. Rg1 O-O-O 22. Kb1 Bf5+ 23. Ka1 Re8 24. Rc1 Kb8 25. Bf3 Qe6 26. Nd1 d4 27.
e4 Bxe4 28. f5 Bxf5 29. Qd2 Be4 30. Bxe4 Qxe4 31. Qb4 Qd5 32. Nf2 d3 33. a3 d2
34. Rd1 Re2 35. Nh3 a5 36. Qc3 Qe5 37. Qd3 Re1 38. Qxd2 Rxd1+ 39. Qxd1 Ka7 40.
Qd8 Qe1+ 41. Ka2 Qe6+ 42. Ka1 Qxh3 43. Qxa5+ Kb8 44. Qd8+ Qc8 45. Qd6+ Qc7 46.
Qf6 b6 0-1

[Event "2. Bundesliga Mitte 2012/2013"]
[Site "St. Veit/Glan"]
[Date "2013.03.23"]
[Round "7"]
[Board "4"]
[White "Petschar, Kurt"]
[Black "Enoeckl, Philipp"]
[Result "1/2-1/2"]
[WhiteElo "2295"]
[BlackElo "2316"]
[PlyCount "69"]
[EventDate "2012.10.19"]
[EventType "team"]
[EventRounds "11"]
[EventCountry "AUT"]
[WhiteTeam "SC Die Klagenfurter"]
[BlackTeam "SV Steyregg"]

1. e4 e6 2. Qe2 c5 3. Nf3 Nc6 4. c3 e5 5. Qe3 g6 6. Bb5 d6 7. O-O Bg7 8. d4
cxd4 9. cxd4 exd4 10. Nxd4 Nge7 11. Nc3 O-O 12. Nxc6 bxc6 13. Bc4 d5 14. Rd1 d4
15. Qe2 Qa5 16. Nb1 c5 17. Nd2 Nc6 18. f4 Qb6 19. Kh1 Na5 20. Bd5 Ba6 21. Qf3
Bb7 22. Bxb7 Qxb7 23. b3 Rfe8 24. Ba3 Rac8 25. Rac1 Bf8 26. Qf1 Re6 27. e5 Ra6
28. Bb2 Nc6 29. Ra1 Ne7 30. Nc4 Nf5 31. Rd3 Re8 32. Qf3 Qxf3 33. Rxf3 h5 34. g3
f6 35. a4 1/2-1/2

[Event "2. Bundesliga Mitte 2012/2013"]
[Site "St. Veit/Glan"]
[Date "2013.03.23"]
[Round "7"]
[Board "5"]
[White "Wiesinger, Robert"]
[Black "Singer, Hans"]
[Result "1-0"]
[WhiteElo "2244"]
[BlackElo "2229"]
[PlyCount "93"]
[EventDate "2012.10.19"]
[EventType "team"]
[EventRounds "11"]
[EventCountry "AUT"]
[WhiteTeam "SV Steyregg"]
[BlackTeam "SC Die Klagenfurter"]

1. e4 e5 2. Nf3 Nc6 3. Bc4 Be7 4. d3 Nf6 5. O-O d6 6. c3 O-O 7. Bb3 Nd7 8. Bc2
a5 9. Re1 Bf6 10. Nbd2 Nb6 11. Nf1 d5 12. exd5 Nxd5 13. Ba4 Re8 14. Ng3 Bd7 15.
Ne4 Nb6 16. Bb3 Be6 17. Bxe6 Rxe6 18. Nc5 Re8 19. Nxb7 Qd5 20. c4 Qd7 21. Nc5
Qf5 22. Qe2 Rad8 23. Bd2 Be7 24. Ne4 Bb4 25. Rad1 f6 26. a3 Bf8 27. Bc3 Na4 28.
Qc2 Nxc3 29. Qxc3 Qd7 30. Qc2 f5 31. Nc3 Bc5 32. Nd5 Nd4 33. Nxd4 Bxd4 34. b4
c6 35. Nc3 axb4 36. axb4 Qa7 37. c5 Rb8 38. Rb1 Qa6 39. Ne2 Rbd8 40. Qc4+ Qxc4
41. dxc4 e4 42. Nxd4 Rxd4 43. Rec1 e3 44. fxe3 Rxe3 45. Rb2 Re5 46. Kf2 Rd7 47.
Re1 1-0

[Event "2. Bundesliga Mitte 2012/2013"]
[Site "St. Veit/Glan"]
[Date "2013.03.23"]
[Round "7"]
[Board "6"]
[White "Titz, Heimo"]
[Black "Raber, Florian"]
[Result "1-0"]
[WhiteElo "2168"]
[BlackElo "2167"]
[PlyCount "175"]
[EventDate "2012.10.19"]
[EventType "team"]
[EventRounds "11"]
[EventCountry "AUT"]
[WhiteTeam "SC Die Klagenfurter"]
[BlackTeam "SV Steyregg"]

1. Nf3 d5 2. c4 {[%emt 0:00:00]} c6 3. b3 e6 4. Bb2 f5 5. g3 Nf6 6. Bg2 Bd6 7.
O-O O-O 8. d4 Bd7 9. Ba3 Be8 10. Qc1 Bh5 11. Bxd6 Qxd6 12. Qa3 Qxa3 13. Nxa3
Ne4 14. Rac1 Nd7 15. Rfd1 f4 16. Nb1 fxg3 17. fxg3 Ndf6 18. Nc3 h6 19. Nxe4
Nxe4 20. Rd3 Rf6 21. Re3 Nd6 22. Bh3 Ne4 23. Bg2 Nd6 24. Bh3 Ne4 25. Ne5 Rd8
26. c5 Ng5 27. Bg2 Nf7 28. Nxf7 Kxf7 29. Bf3 Bxf3 30. exf3 Ke7 31. Kg2 Kd7 32.
h4 Rdf8 33. h5 R8f7 34. f4 Rf5 35. Rh1 Rf8 36. Kf3 R8f7 37. Kg4 R5f6 38. Re5
Rf8 39. Re3 R8f7 40. b4 a6 41. a4 Kc8 42. b5 axb5 43. axb5 cxb5 44. Rb1 Rc7 45.
Rxb5 Rc6 46. Ra5 Ra6 47. Rxa6 bxa6 48. Rb3 a5 49. Rb5 e5 50. dxe5 Ra6 51. Rb6
Ra7 52. Rd6 a4 53. Rc6+ Kd8 54. Rd6+ Kc8 55. e6 a3 56. Rxd5 a2 57. e7 Rxe7 58.
Rd1 Ra7 59. Ra1 Kd7 60. Kf5 Kc6 61. g4 Kxc5 62. Kg6 Kd4 63. g5 Ke4 64. gxh6
gxh6 65. f5 Ra6+ 66. f6 Ke5 67. Re1+ Kf4 68. Ra1 Ke5 69. Kg7 Rxf6 70. Rxa2 Rb6
71. Rg2 Kf5 72. Rg6 Re6 73. Kxh6 Re7 74. Rg7 Re6+ 75. Kh7 Re8 76. Ra7 Kg5 77.
h6 Kf6 78. Ra6+ Kf7 79. Ra1 Kf6 80. Rf1+ Kg5 81. Rg1+ Kf6 82. Rg8 Re7+ 83. Kh8
Rf7 84. Ra8 Ke7 85. Kg8 Rf1 86. Ra7+ Ke8 87. h7 Rg1+ 88. Rg7 1-0

[Event "2. Bundesliga Mitte 2012/2013"]
[Site "St. Veit/Glan"]
[Date "2013.03.23"]
[Round "7"]
[Board "1"]
[White "Flumbort, Andras"]
[Black "Poetz, Florian"]
[Result "1/2-1/2"]
[WhiteElo "2492"]
[BlackElo "2411"]
[PlyCount "49"]
[EventDate "2012.10.19"]
[EventType "team"]
[EventRounds "11"]
[EventCountry "AUT"]
[WhiteTeam "ASK St. Valentin"]
[BlackTeam "Schachklub Sparkasse Fuerstenfeld"]

1. Nf3 c5 2. c4 Nc6 3. d4 cxd4 4. Nxd4 Nf6 5. Nc3 e6 6. g3 Qb6 7. Ndb5 Ne5 8.
Bg2 a6 9. Na3 Bxa3 10. bxa3 Nxc4 11. Bg5 Qc5 12. Bxf6 gxf6 13. O-O d5 14. e4 d4
15. Na4 Qd6 16. Rc1 Nxa3 17. e5 fxe5 18. Nc5 O-O 19. Qg4+ Kh8 20. Qf3 Nb5 21.
Qf6+ Kg8 22. Qg5+ Kh8 23. Qf6+ Kg8 24. Qg5+ Kh8 25. Qf6+ 1/2-1/2

[Event "2. Bundesliga Mitte 2012/2013"]
[Site "St. Veit/Glan"]
[Date "2013.03.23"]
[Round "7"]
[Board "2"]
[White "Radnetter, Georg"]
[Black "Gonda, Laszlo"]
[Result "0-1"]
[WhiteElo "2278"]
[BlackElo "2528"]
[PlyCount "114"]
[EventDate "2012.10.19"]
[EventType "team"]
[EventRounds "11"]
[EventCountry "AUT"]
[WhiteTeam "Schachklub Sparkasse Fuerstenfeld"]
[BlackTeam "ASK St. Valentin"]

1. Nf3 Nf6 2. c4 e6 3. g3 a6 4. Bg2 b5 5. b3 c5 6. O-O Bb7 7. Bb2 Be7 8. d3 O-O
9. e4 d6 10. e5 dxe5 11. Nxe5 Bxg2 12. Kxg2 Nfd7 13. Qf3 Ra7 14. Na3 Bf6 15.
Nxd7 Bxb2 16. Nxf8 Bxa3 17. Nxe6 fxe6 18. Rae1 Qd6 19. Qe4 Re7 20. f4 Qc6 21.
Kh3 Qxe4 22. Rxe4 Nc6 23. f5 e5 24. g4 Rd7 25. Rf3 h6 26. Kg2 Kf7 27. h4 Kf6
28. Kh3 Rd4 29. Re1 Nb4 30. g5+ hxg5 31. hxg5+ Kxg5 32. Rxe5 Rxd3 33. f6+ Kg6
34. Rg5+ Kxg5 35. fxg7 Rxf3+ 36. Kg2 Rf6 37. g8=Q+ Rg6 38. Qd8+ Kf5+ 39. Kf2
bxc4 40. bxc4 Rf6 41. Ke2 Bb2 42. Qc8+ Re6+ 43. Kd2 Bd4 44. Qf8+ Rf6 45. Qc8+
Kf4 46. Qh3 Nc6 47. Ke2 Ke5 48. Qg3+ Ke6 49. Qg8+ Kd6 50. a3 Kc7 51. Qh7+ Kb6
52. Qb1+ Ka5 53. Qb7 Ne5 54. Qc7+ Ka4 55. Qd8 Rf2+ 56. Ke1 Kb3 57. Qb6+ Kc2 0-1

[Event "2. Bundesliga Mitte 2012/2013"]
[Site "St. Veit/Glan"]
[Date "2013.03.23"]
[Round "7"]
[Board "3"]
[White "Sandhoefner, Florian"]
[Black "Schwarhofer, Christopher"]
[Result "1/2-1/2"]
[WhiteElo "2221"]
[BlackElo "2285"]
[PlyCount "56"]
[EventDate "2012.10.19"]
[EventType "team"]
[EventRounds "11"]
[EventCountry "AUT"]
[WhiteTeam "ASK St. Valentin"]
[BlackTeam "Schachklub Sparkasse Fuerstenfeld"]

1. d4 Nf6 2. c4 c5 3. d5 b5 4. cxb5 a6 5. bxa6 d6 6. Nc3 Bxa6 7. e4 Bxf1 8.
Kxf1 g6 9. Nf3 Nbd7 10. g3 Bg7 11. Kg2 O-O 12. Re1 Ra6 13. e5 Nxe5 14. Nxe5
dxe5 15. Rxe5 Rd6 16. Qf3 Nd7 17. Re1 Nb6 18. Bf4 Rd7 19. Be5 Bh6 20. Bf4 Bxf4
21. gxf4 Nxd5 22. Nxd5 Rxd5 23. Rxe7 Qxe7 24. Qxd5 Qe2 25. Qxc5 Qg4+ 26. Kh1
Qf3+ 27. Kg1 Qg4+ 28. Kh1 Qf3+ 1/2-1/2

[Event "2. Bundesliga Mitte 2012/2013"]
[Site "St. Veit/Glan"]
[Date "2013.03.23"]
[Round "7"]
[Board "4"]
[White "Takacs, Balazs"]
[Black "Tober, Gerhard"]
[Result "1/2-1/2"]
[WhiteElo "2348"]
[BlackElo "2272"]
[PlyCount "64"]
[EventDate "2012.10.19"]
[EventType "team"]
[EventRounds "11"]
[EventCountry "AUT"]
[WhiteTeam "Schachklub Sparkasse Fuerstenfeld"]
[BlackTeam "ASK St. Valentin"]

1. e4 d5 2. exd5 Qxd5 3. Nc3 Qa5 4. Bc4 Nf6 5. Nge2 c6 6. O-O Bf5 7. d3 e6 8.
Nd4 Bd6 9. Nxf5 Qxf5 10. Ne4 Bc7 11. Ng3 Qg4 12. Qxg4 Nxg4 13. d4 Nd7 14. Be2
Ngf6 15. Nh5 Nxh5 16. Bxh5 Nf6 17. Bf3 O-O-O 18. c3 h6 19. Rd1 Nd5 20. c4 Nb4
21. Be4 c5 22. a3 Na6 23. Be3 f5 24. Bf3 f4 25. Bd2 Rxd4 26. Bg4 Re8 27. Bc3
Rxd1+ 28. Rxd1 Re7 29. Re1 Kd7 30. Rd1+ Kc8 31. Re1 Kd7 32. Rd1+ Kc8 1/2-1/2

[Event "2. Bundesliga Mitte 2012/2013"]
[Site "St. Veit/Glan"]
[Date "2013.03.23"]
[Round "7"]
[Board "5"]
[White "Theuretzbacher, Klaus"]
[Black "Hatzl, Stefan"]
[Result "1-0"]
[WhiteElo "2234"]
[BlackElo "2183"]
[PlyCount "47"]
[EventDate "2012.10.19"]
[EventType "team"]
[EventRounds "11"]
[EventCountry "AUT"]
[WhiteTeam "ASK St. Valentin"]
[BlackTeam "Schachklub Sparkasse Fuerstenfeld"]

1. e4 e6 2. d3 d5 3. Nd2 Nf6 4. Ngf3 c5 5. g3 Nc6 6. Bg2 Be7 7. O-O O-O 8. Re1
b5 9. a4 b4 10. e5 Nd7 11. Nf1 Ba6 12. h4 Rc8 13. N1h2 Nd4 14. Bf4 b3 15. cxb3
Qb6 16. Ra3 Nxf3+ 17. Nxf3 c4 18. dxc4 Bxa3 19. bxa3 dxc4 20. Qxd7 cxb3 21. Be3
Rfd8 22. Qxc8 Rxc8 23. Bxb6 axb6 24. Rb1 1-0

[Event "2. Bundesliga Mitte 2012/2013"]
[Site "St. Veit/Glan"]
[Date "2013.03.23"]
[Round "7"]
[Board "6"]
[White "Hatzl, Johannes"]
[Black "Heimberger, Reinhard"]
[Result "1/2-1/2"]
[WhiteElo "2125"]
[BlackElo "2300"]
[PlyCount "59"]
[EventDate "2012.10.19"]
[EventType "team"]
[EventRounds "11"]
[EventCountry "AUT"]
[WhiteTeam "Schachklub Sparkasse Fuerstenfeld"]
[BlackTeam "ASK St. Valentin"]

1. e4 c5 2. c3 Nf6 3. e5 Nd5 4. d4 cxd4 5. Nf3 d6 6. cxd4 Nc6 7. Bc4 e6 8. O-O
Be7 9. Qe2 O-O 10. Nc3 Nxc3 11. bxc3 dxe5 12. dxe5 Qc7 13. Qe4 b6 14. Bd3 g6
15. Bg5 Bxg5 16. Nxg5 Nxe5 17. Qxa8 Bb7 18. Qxa7 Ra8 19. Qxa8+ Bxa8 20. Be4 Ng4
21. g3 Bxe4 22. Nxe4 Qe5 23. Rfe1 f5 24. h3 Nxf2 25. Kxf2 fxe4 26. Re3 Qd5 27.
Rae1 Qxa2+ 28. R1e2 Qc4 29. Rxe4 Qxc3 30. Rxe6 1/2-1/2

[Event "2. Bundesliga Mitte 2012/2013"]
[Site "St. Veit/Glan"]
[Date "2013.03.23"]
[Round "7"]
[Board "1"]
[White "Wittmann, Walter"]
[Black "Renner, Christoph"]
[Result "1-0"]
[WhiteElo "2245"]
[BlackElo "2458"]
[PlyCount "139"]
[EventDate "2012.10.19"]
[EventType "team"]
[EventRounds "11"]
[EventCountry "AUT"]
[WhiteTeam "Union Styria Graz"]
[BlackTeam "Spg. Sauwald"]

1. e4 g6 2. d4 Bg7 3. Nf3 c6 4. Nc3 d5 5. h3 e6 6. Bd3 Ne7 7. O-O Nd7 8. Re1
O-O 9. Bf4 Re8 10. Qd2 b5 11. exd5 exd5 12. Re2 Nf8 13. Rae1 Ne6 14. Be5 Bd7
15. Bxg7 Kxg7 16. Re5 Nc8 17. Ne2 f6 18. Re3 Nd6 19. b3 Nf8 20. Ng3 Re6 21. Nh2
Qc7 22. Ng4 Nf7 23. Rxe6 Nxe6 24. c3 Re8 25. Re3 h5 26. Nh2 h4 27. Ngf1 Neg5
28. Rxe8 Bxe8 29. Qe2 Bd7 30. Qe7 Qd6 31. Qxd6 Nxd6 32. Nd2 Ne6 33. Nhf3 Nf4
34. Bf1 Ne4 35. Nxe4 dxe4 36. Nd2 f5 37. a3 Kf6 38. g3 hxg3 39. fxg3 Nd5 40. c4
Nc3 41. Kf2 a5 42. Ke3 g5 43. Bg2 Be8 44. Kf2 c5 45. dxc5 Ke5 46. cxb5 Kd4 47.
Nc4 Nxb5 48. a4 Nc3 49. Nd6 Bc6 50. Nxf5+ Kxc5 51. h4 gxh4 52. gxh4 Bd7 53. Ng3
Kd4 54. h5 e3+ 55. Ke1 Ke5 56. h6 Kf6 57. Ne4+ Nxe4 58. Bxe4 Be6 59. Bc2 Bg4
60. b4 axb4 61. a5 Be6 62. Ke2 b3 63. Bb1 b2 64. Kxe3 Bd5 65. Kd4 Bb7 66. Kc3
Ba6 67. Kxb2 Be2 68. Kc3 Ba6 69. Bd3 Bc8 70. Kd4 1-0

[Event "2. Bundesliga Mitte 2012/2013"]
[Site "St. Veit/Glan"]
[Date "2013.03.23"]
[Round "7"]
[Board "2"]
[White "Taggatz, Mario"]
[Black "Manhardt, Thomas"]
[Result "1/2-1/2"]
[WhiteElo "2303"]
[BlackElo "2152"]
[PlyCount "80"]
[EventDate "2012.10.19"]
[EventType "team"]
[EventRounds "11"]
[EventCountry "AUT"]
[WhiteTeam "Spg. Sauwald"]
[BlackTeam "Union Styria Graz"]

1. Nf3 f5 2. d3 Nf6 3. e4 d6 4. Nc3 g6 5. e5 dxe5 6. Nxe5 Be6 7. Be2 Nbd7 8.
Bf4 c6 9. h4 Nxe5 10. Bxe5 Qa5 11. f4 h5 12. Bf3 Bg7 13. Qe2 Bf7 14. O-O O-O
15. Kh1 Rae8 16. Rfe1 Qd8 17. g3 Ng4 18. Bxg4 hxg4 19. Bxg7 Kxg7 20. Qe5+ Kg8
21. Re2 Qd6 22. Rae1 b6 23. Kg1 Qd7 24. a3 c5 25. Qe3 Qc6 26. Qf2 e6 27. Qg2
Qd7 28. Re5 Rd8 29. Qe2 Qc6 30. b3 Rfe8 31. Qe3 Kg7 32. a4 Rd7 33. Re2 Red8 34.
Nb5 a6 35. Nc3 Rd4 36. Re1 b5 37. Ne2 R4d5 38. Nc3 Rd4 39. Ne2 R4d5 40. Nc3 Rd4
1/2-1/2

[Event "2. Bundesliga Mitte 2012/2013"]
[Site "St. Veit/Glan"]
[Date "2013.03.23"]
[Round "7"]
[Board "3"]
[White "Schriebl, Alexander"]
[Black "Schmidt, Peter"]
[Result "0-1"]
[WhiteElo "2086"]
[BlackElo "2386"]
[PlyCount "114"]
[EventDate "2012.10.19"]
[EventType "team"]
[EventRounds "11"]
[EventCountry "AUT"]
[WhiteTeam "Union Styria Graz"]
[BlackTeam "Spg. Sauwald"]

1. d4 d6 2. Nf3 Nf6 3. c4 g6 4. Nc3 Bf5 5. g3 Ne4 6. Nxe4 Bxe4 7. Bg2 Bg7 8.
O-O O-O 9. Qb3 Nc6 10. e3 Na5 11. Qa4 c5 12. Bd2 b6 13. Bxa5 bxa5 14. Rad1 Qb6
15. dxc5 dxc5 16. Ne1 Bxg2 17. Kxg2 Rfd8 18. Rxd8+ Rxd8 19. b3 Qb4 20. Qxb4
axb4 21. Nf3 Rd3 22. Rc1 Bb2 23. Rc2 Bc3 24. Ng5 Be5 25. Ne4 Bd6 26. Rd2 Rxd2
27. Nxd2 f5 28. Kf3 Kf7 29. Ke2 Kf6 30. h3 e6 31. Kd3 g5 32. g4 h5 33. f3 Bg3
34. Nf1 h4 35. gxf5 exf5 36. Nxg3 hxg3 37. Ke2 Kg6 38. Kf1 Kh5 39. Kg2 Kh4 40.
e4 fxe4 41. fxe4 g4 42. hxg4 Kxg4 43. e5 Kf5 44. Kxg3 Kxe5 45. Kf3 Kd4 46. Kf4
a5 47. Kf5 Kc3 48. Ke5 Kb2 49. Kd6 Kxa2 50. Kxc5 a4 51. bxa4 b3 52. a5 b2 53.
a6 b1=Q 54. Kc6 Qb8 55. c5 Qc8+ 56. Kb6 Kb3 57. Ka7 Qxc5+ 0-1